000 00592cab a2200229 4500
001 X1131
008 090401t1993 xxu||||| |||| 00| 0 eng d
035 _a(Sirsi) u14855
041 _aeng
245 _aGalmoy contests size of bond
260 _c1993
350 _a0
490 _aCS Monthly : Minerals bulletin
_v3(2) October 1993, 2(1)
650 _aARCON INTERNATIONAL RESOURCES PLC
650 _aBONDS
650 _aMINE CLOSURE COSTS
650 _aPLANNING PERMISSION
650 _aZINC-LEAD MINE
690 _aPLANNING LAW AND PRACTICE
942 _n0
948 _c04/03/1997
999 _c9695
_d9695